Program Marco Polo II

Cieľ programu Európskeho spoločenstva Marco Polo - prispieť k obmedzeniu negatívnych dopadov rastúcej medzinárodnej cestnej dopravy prevodom jej časti na železnicu, vnútrozemské vodné cesty a pobrežnú námornú dopravu. Podpora zlepšenia vplyvu systému dopravy na životné prostredie. Akcie podporované...

Descrizione completa

Salvato in:
Dettagli Bibliografici
Autore principale: Novák, Ivan
Natura: Capitolo di libro
Lingua:ceco
Soggetti:
Tags: Aggiungi Tag
Nessun Tag, puoi essere il primo ad aggiungerne!!

MARC

LEADER 00000naa$a2200000$$$4500
001 0059513
005 20231128134137.9
041 0 |a cze 
044 |a CZ 
245 1 0 |a Program Marco Polo II  |c Ivan Novák 
520 |a Cieľ programu Európskeho spoločenstva Marco Polo - prispieť k obmedzeniu negatívnych dopadov rastúcej medzinárodnej cestnej dopravy prevodom jej časti na železnicu, vnútrozemské vodné cesty a pobrežnú námornú dopravu. Podpora zlepšenia vplyvu systému dopravy na životné prostredie. Akcie podporované programom Marco Polo. Podmienky predkladania žiadostí na získanie finančnej podpory. Výsledky programu v roku 2006. 
610 2 0 |a doprava cestná 
610 2 0 |a doprava letecká 
610 2 0 |a doprava vodná 
610 2 0 |a doprava železničná 
610 2 0 |a logistika 
610 2 0 |a spolupráca hospodárska medzinárodná 
610 2 0 |a programy 
610 2 0 |a projekty 
610 2 0 |a financovanie 
610 2 0 |a Európska únia 
100 1 |a Novák, Ivan